000 00329nam a22001337a 4500
008 190222b xxu||||| |||| 00| 0 eng d
020 _a9780534506001
041 _aeng
080 _a159.9
100 _a50
101 _aPSI
245 _aHealth Psychology. An Introduction to Behavior and Health
_cBrannon, L
942 _2udc
_cBK
999 _c54111
_d54111